000 00261nam a2200097Ia 4500
008 190216s9999||||xx |||||||||||||| ||und||
100 _aDamodharan K
245 0 _aSamasthaniyangal Gaveshanathilum Ulpathanathilum
260 _bKerala Bhasha Institute
942 _cBK
999 _c37577
_d37577